LIBRARY & INFORMATION CENTRE, KCAET, TAVANUR

ONLINE PUBLIC ACCESS CATALOGUE (OPAC)

Surveying and Levelling (Record no. 19306)

MARC details
000 -LEADER
fixed length control field 00436nam a22001697a 4500
003 - CONTROL NUMBER IDENTIFIER
control field OSt
008 - FIXED-LENGTH DATA ELEMENTS--GENERAL INFORMATION
fixed length control field 250205b |||||||| |||| 00| 0 eng d
041 ## - LANGUAGE CODE
Language code of text/sound track or separate title eng
082 ## - DEWEY DECIMAL CLASSIFICATION NUMBER
Classification number 624.1517
Item number RAN / SU
100 ## - MAIN ENTRY--AUTHOR NAME
Personal name Rangwala, SC
245 ## - TITLE STATEMENT
Title Surveying and Levelling
250 ## - EDITION STATEMENT
Edition statement 3rd Revised and Enlarged
260 ## - PUBLICATION, DISTRIBUTION, ETC. (IMPRINT)
Place of publication Anand:
Name of publisher Charotar Publishing House,
Year of publication 1991.
300 ## - PHYSICAL DESCRIPTION
Number of Pages 780p.
700 ## - ADDED ENTRY--PERSONAL NAME
Personal name Rangwala, PS; rev.
942 ## - ADDED ENTRY ELEMENTS (KOHA)
Koha item type Books
Holdings
Withdrawn status Lost status Damaged status Home library Current library Shelving location Date acquired Cost, normal purchase price Full call number Accession Number Koha item type
      KAUAET KAUAET Scheme 05/02/2025 85.00 624.1517 RAN / SU 17952 Books
      KAUAET KAUAET Scheme 05/02/2025 85.00 624.1517 RAN / SU 17953 Books
free website counter